Flaggen Europas (beliebige Reihenfolge) - Statistiken

Allgemein
  • Dieses Quiz wurde 22 mal gespielt
  • Das Durchschnittsergebnis liegt bei 41 aus 45
Antwortstatistiken
Bildquiz Antwort % Korrekt
Belgien
100%
Albanien
94%
Dänemark
94%
Deutschland
94%
Estland
94%
Finnland
94%
Frankreich
94%
Griechenland
94%
Irland
94%
Italien
94%
Kroatien
94%
Luxemburg
94%
Monaco
94%
Niederlande
94%
Norwegen
94%
Österreich
94%
Polen
94%
Portugal
94%
Rumänien
94%
Russland
94%
Schweden
94%
Schweiz
94%
Spanien
94%
Tschechien
94%
Ukraine
94%
Ungarn
94%
Vereinigtes Königreich
94%
Belarus
89%
Lettland
89%
Liechtenstein
89%
Litauen
89%
Slowenien
89%
Andorra
83%
Bosnien und Herzegowina
83%
Bulgarien
83%
Island
83%
Kosovo
83%
Malta
83%
Nordmazedonien
83%
Serbien
83%
Slowakei
83%
Vatikanstadt
83%
Montenegro
78%
San Marino
78%
Moldawien
67%
Keine übereinstimmenden Quizze gefunden
Verteilung der Resultate
Anzahl Personen mit jedem Resultat
Perzentil nach korrekt beantworteten Fragen
Ihre Resultats-Entwicklung
Sie haben dieses Quiz noch nicht gespielt